| 000 | 01281nam a2200313 c 4500 | ||
|---|---|---|---|
| 003 | BLK | ||
| 005 | 20230728115820.0 | ||
| 008 | 180410b bul|||||r ||||||| ||bul|| | ||
| 010 | _aKNG00155009000 | ||
| 040 | _aBLK | ||
| 041 |
_aBUL _cBUL |
||
| 080 |
_aПолска литература _b821.162.1 _x-93-32 _z821.162.1-93-32 |
||
| 100 | 1 |
_aЯнчарски, Чеслав _eпърви автор _9145960 |
|
| 700 | 1 |
_aРадева, Сабина _eпрев. от пол. _9375957 |
|
| 700 | 1 |
_aРихлицки, Збигнев _eил. _9330137 |
|
| 139 |
_aЯнчарски, Чеслав _bЯ 71 |
||
| 245 | 1 | 0 |
_aКомпанията на Мечо Клепоушко _bРазкази за деца _cЧеслав Янчарски; прев. от пол. Сабина Радева; ил. Збигнев Рихлицки. |
| 257 | _aPOL | ||
| 260 |
_аСофия _bНар. култура _c1966 |
||
| 300 |
_a76 с. _bс ил. _c27 см |
||
| 380 | _aDX | ||
| 500 | _a45 090 тир. | ||
| 852 | _aЦб ІІ 19143 | ||
| 856 | 4 |
_qpdf _u |
|
| 856 | 4 |
_qpdf _u |
|
| 942 |
_cKNG _n0 _02 |
||
| 944 |
_aCR _c27.12.2013 _lРусанова Ирена _k30542 |
||
| 944 |
_aED _c29.09.2017 _l27.12.2013 - от С1,Р / 27.12.2013 _kВася_Ганчева |
||
| 999 |
_c148781 _d148781 |
||